| 000 | 00860nam a2200217Ia 4500 | ||
|---|---|---|---|
| 005 | 20241216011441.0 | ||
| 008 | 190429s9999||||xx |||||||||||||| ||und|| | ||
| 020 | _a25 | ||
| 082 |
_a370.1523 _bC25 |
||
| 100 | _aCHAGUA TINOCO ZILA, RAMOS CARLOS ELIZABETH | ||
| 245 | 0 | _aRELACION ENTRE EL APRENDIZAJE ACTIVO E INTERACTIVO Y EL LOGRO DE LAS CAPACIDADES DEL AREA LOGICO MATEMATICO EN LOS NIÑOS DE 5 AÑOS DE EDAD DE LAS INSTITUCIONES EDUCATIVAS INICIALES DEL DISTRITO DE YANACANCHA - 2006 | |
| 250 | _a0 | ||
| 260 |
_aCERRO DE PASCO-PERU _bUNDAC _c2007 |
||
| 300 |
_a114 pag. _c30 cm. |
||
| 341 | _h0 | ||
| 490 |
_v0 _a0 |
||
| 505 | _aPLANTEAMIENTO DEL PROBLEMA/MARCO TEORICO/METOLOGIA/PRESENTACION Y ANALISIS DE RESULTADOS/CONCLUSIONES/SUGERENCIAS | ||
| 541 |
_aD _bCHAGUA TINOCO ZILA _d02-Mar-09 _oSoles |
||
| 650 | _aEducación Inicial | ||
| 942 | _cTESIS | ||
| 999 |
_c42219 _d42219 |
||